000 01232nac a22003251i 4500
003 EG-ScBUE
005 20260419114808.0
008 090705t1989 nyua f b 001 0 eng d
020 _a9780195104639
020 _a0195104633
040 _aEG-ScBUE
_beng
_erda
_cEG-ScBUE
_dEG-ScBUE
082 0 4 _a551.44
_bMEL
_222
100 1 _aMelosh, H. J.,
_eauthor.
_97509
245 1 0 _aImpact cratering :
_ba geologic process /
_cH. J. Melosh.
264 1 _aNew York :
_bOxford University Press ;
_aOxford :
_bClarendon Press,
_c[1989]
264 4 _cc1989
300 _avii, 245 pages :
_billustrations ;
_c27 cm.
336 _2rdacontent
_atext
_btxt
337 _aunmediated
_2rdamedia
_bn
338 _avolume
_bnc
_2rdacarrier
490 0 _aOxford monograohs on geology and geophysics ;
_v11
504 _aIncludes bibliographical references and index.
650 7 _aCratering.
_2BUEsh
_97511
650 7 _aPlanets
_xGeology.
_2BUEsh
_97512
650 7 _aImpact.
_2BUEsh
_97513
655 _vReading book
856 4 2 _3Publisher description
_uhttp://www.loc.gov/catdir/enhancements/fy0638/88005353-d.html
856 4 2 _3Table of contents only
_uhttp://www.loc.gov/catdir/enhancements/fy0638/88005353-t.html
942 _cBB
_2ddc
999 _c6387
_d6387